[Event "Nova Gorica op-B 14th"]
[Site "Nova Gorica"]
[Date "2009.02.02"]
[Round "4"]
[White "Leban, Andrej"]
[Black "Zamar Kodelja, Jurij"]
[Result "1-0"]
[WhiteElo "1500"]
[BlackElo "1500"]
[PlyCount "52"]
[EventDate "2009.01.31"]
[EventType "swiss"]
[EventRounds "9"]
[EventCountry "SLO"]
[SourceTitle "EXT 2011"]
[Source "ChessBase"]
[SourceDate "2010.11.26"]
[SourceVersion "1"]
[SourceVersionDate "2010.11.26"]
[SourceQuality "1"]

1. e4 e5 2. Nf3 Nc6 3. d4 Bd6 4. dxe5 Bxe5 5. Nxe5 Nxe5 6. Nc3 d6 7. Nb5 Bd7 8. Bd2 a6 9. Nd4 Nf6 10. Bg5 0-0 11. Nf3 Bg4 12. Be2 Nc6 13. Qd2 h6 14. Bh4 Qe7 15. Bxf6 Qxf6 16. 0-0-0 Bxf3 17. Bxf3 Ne5 18. Qc3 Qf4+ 19. Qe3 Qf6 20. Be2 Rfe8 21. f3 Rad8 22. Rd2 c6 23. Rhd1 Qe6 24. b3 d5 25. Qb6 Re7 26. Qxd8+ Re8 1-0

[Event "Nova Gorica op-B 12th"]
[Site "Nova Gorica"]
[Date "2007.01.31"]
[Round "9"]
[White "Leban, Andrej"]
[Black "Capizzi, Biagio"]
[Result "0-1"]
[WhiteElo "1500"]
[BlackElo "1728"]
[PlyCount "52"]
[EventDate "2007.01.26"]
[EventType "swiss"]
[EventRounds "9"]
[EventCountry "SLO"]
[SourceTitle "CBM 116 Extra"]
[Source "ChessBase"]
[SourceDate "2007.03.07"]
[SourceVersion "1"]
[SourceVersionDate "2007.03.07"]
[SourceQuality "1"]

1. e4 c5 2. Nf3 d6 3. Nc3 Nf6 4. d3 g6 5. Be2 Bg7 6. 0-0 Nc6 7. h3 0-0 8. Be3 Bd7 9. d4 cxd4 10. Bxd4 Nxd4 11. Nxd4 Qb6 12. Rb1 Nxe4 13. Nxe4 Bxd4 14. Bd3 Bf5 15. Ng5 Bd7 16. c3 Bg7 17. a3 Bc6 18. Re1 Rae8 19. a4 Qa5 20. Ra1 Qxg5 21. g3 Be5 22. Re3 Bd7 23. Kh2 Qh6 24. h4 Qxh4+ 25. Kg1 Qh6 26. Re4 Bf6 0-1

[Event "Nova Gorica op-B 12th"]
[Site "Nova Gorica"]
[Date "2007.01.26"]
[Round "1"]
[White "Petrovic, Marko"]
[Black "Leban, Andrej"]
[Result "1-0"]
[WhiteElo "1916"]
[BlackElo "1500"]
[PlyCount "77"]
[EventDate "2007.01.26"]
[EventType "swiss"]
[EventRounds "9"]
[EventCountry "SLO"]
[SourceTitle "CBM 116 Extra"]
[Source "ChessBase"]
[SourceDate "2007.03.07"]
[SourceVersion "1"]
[SourceVersionDate "2007.03.07"]
[SourceQuality "1"]

1. e4 e5 2. f4 d6 3. Nf3 Nc6 4. Bc4 Bg4 5. Bxf7+ Kxf7 6. 0-0 exf4 7. d4 Qf6 8. d5 Ne5 9. Nxe5+ dxe5 10. Qxg4 g5 11. h4 Bh6 12. hxg5 Bxg5 13. g3 Qb6+ 14. Kg2 Nf6 15. Qxg5 Rag8 16. Bxf4 Rxg5 17. Bxg5 Ke8 18. Bxf6 Rf8 19. Bxe5 Rxf1 20. Kxf1 Kd8 21. Nd2 Qe3 22. Bf4 Qd4 23. c3 Qd3+ 24. Kf2 Qb5 25. Rb1 Kd7 26. c4 Qc5+ 27. Be3 Qf8+ 28. Kg2 Qg7 29. Nf3 c6 30. e5 cxd5 31. cxd5 Qg6 32. Rd1 Qc2+ 33. Rd2 Qe4 34. Bxa7 Qa4 35. e6+ Kd6 36. Bb8+ Ke7 37. d6+ Kxe6 38. d7 Qxd7 39. Rxd7 1-0